MARC

Tag First Indicator Second Indicator Subfields
LEADER 00000cam a2200000 a 4500
001 in00001521235
005 20240319150027.0
008 980603s1996 xv ab b 000 0 eng d
010 |a  98156657  
019 |a 43368883 
020 |a 8672070364 
020 |a 9788672070361 
029 1 |a AU@  |b 000021413853 
029 1 |a NZ1  |b 5613406 
035 |a (OCoLC)ocm27562640  
035 |a (OCoLC)27562640  |z (OCoLC)43368883 
035 |a (OCoLC)ocm27562640  
040 |a RCE  |b eng  |c DLC  |d RCE  |d BAKER  |d BTCTA  |d CRU  |d OCLCQ  |d OCLCO  |d OCLCQ  |d OCLCF  |d UKUOY  |d OCLCQ  |d IL4J6  |d OCLCO  |d OCLCL 
042 |a lccopycat 
043 |a e-ci--- 
050 0 0 |a CC82.8  |b .G34 1996 
082 0 0 |a 930.1/028/5  |2 21 
100 1 |a Gaffney, Vincent L. 
245 1 0 |a GIS approaches to regional analysis :  |b a case study of the island of Hvar /  |c Vincent Gaffney and Zoran Stančič ; preface by Kenneth Kvamme. 
260 |a Ljubljana :  |b Znanstveni inštitut Filozofske fakultete,  |c 1996. 
300 |a 100 pages :  |b illustrations (some color), maps ;  |c 24 cm. 
336 |a text  |b txt  |2 rdacontent 
337 |a unmediated  |b n  |2 rdamedia 
338 |a volume  |b nc  |2 rdacarrier 
490 1 |a Razprave Filosofske fakultete 
504 |a Includes bibliographical references (pages 97-100). 
650 0 |a Archaeology  |x Data processing  |x Computer programs. 
650 0 |a Geographic information systems. 
651 0 |a Hvar (Croatia)  |x Antiquities. 
650 6 |a Archéologie  |x Informatique  |x Logiciels. 
650 6 |a Systèmes d'information géographique. 
650 7 |a geographic information systems.  |2 aat 
650 7 |a Antiquities.  |2 fast  |0 (OCoLC)fst00810745 
650 7 |a Geographic information systems.  |2 fast  |0 (OCoLC)fst00940423 
651 7 |a Croatia  |z Hvar.  |2 fast  |0 (OCoLC)fst01206746  |1 https://id.oclc.org/worldcat/entity/E39PBJwMFmqbJgxppCRdmhgh73 
650 7 |a Geographic information systems  |v Case studies.  |2 nli 
650 7 |a Cartography  |x Data processing  |v Case studies.  |2 nli 
650 7 |a Information storage and retrieval systems.  |2 nli 
651 7 |a Hvar (Croatia)  |x Environmental aspects  |v Case studies.  |2 nli 
651 7 |a Hvar (Croatia)  |2 nli 
700 1 |a Stančič, Zoran. 
758 |i has work:  |a GIS approaches to regional analysis (Text)  |1 https://id.oclc.org/worldcat/entity/E39PCGVgBxXd7gBdPT7wxjbKMK  |4 https://id.oclc.org/worldcat/ontology/hasWork 
830 0 |a Razprave Filosofske fakultete. 
938 |a Baker & Taylor  |b BKTY  |c 18.00  |d 18.00  |i 8672070364  |n 0002293783  |s active 
938 |a Baker and Taylor  |b BTCP  |n 98156657 
948 |h HELD BY TXA - 44 OTHER HOLDINGS 
994 |a Z0  |b TXA 
999 f f |s 7330614f-e135-37b8-9ba2-90bbba2c561f  |i de13e64d-59c6-355f-824f-75485d7580e3  |t 0 
952 f f |p ric  |a Texas A&M University  |b Rellis Campus  |c Joint Library Facility  |d Remote Storage  |t 0  |e G70.215.H83 G34 1991  |h Library of Congress classification  |i unmediated -- volume  |m A14826028829 
998 f f |a G70.215.H83 G34 1991  |t 0  |l Remote Storage